000
00246nam a2200097Ia 4500
001
688450
005
20250826161615.0
008
250824s9999 xx 000 0 und d
245
0
_a
DAĞLARIN ADAMI BARNABO
_c
DINO BUZZATI
260
_b
TİMAŞ YAYINLARI
999
_c
688450
_d
688450